000 00294nam a22001337a 4500
008 170316b xxu||||| |||| 00| 0 eng d
020 _a0716705222
041 _aeng
080 _a616.8
100 _a7
101 _aSHM
245 _aCELLULAR BASIS OF BEHAVIOUR
_cKANDEL, E.R
942 _2udc
_cBK
999 _c8019
_d8019